Statistics for I Need A Dollar - Aloe Blacc - All Lyrics

Click here to take the quiz!

General Stats

  • This quiz has been taken 10 times
  • The average score is 344 of 502

Answer Stats

Answer% Correct
a
100%
do
100%
dollar,
100%
dollar
100%
Dollar,
100%
gimme
100%
I
100%
(I
100%
me?
100%
me,
100%
me
100%
me)
100%
need
100%
you
100%
(Hey,
90%
hey)
90%
Is
90%
is
90%
my
90%
the
90%
what
90%
What
90%
Who
90%
with
90%
your
90%
Your
90%
for
80%
(He
80%
he
80%
no
80%
to
80%
would
80%
and
70%
And
70%
can
70%
(C'mon
70%
C’mon
70%
Go
70%
go
70%
if
70%
If
70%
in
70%
it
70%
It's
70%
it's
70%
on
70%
share
70%
Share
70%
all
60%
be
60%
but
60%
But
60%
‘Cause
60%
'Cause
60%
don't
60%
know
60%
some
60%
story
60%
that
60%
time
60%
when
60%
won't
60%
am
50%
could
50%
down
50%
good
50%
had
50%
I'm
50%
let
50%
man
50%
more
50%
someone
50%
take
50%
this
50%
times
50%
want
50%
been
40%
come
40%
everything
40%
ground
40%
has
40%
help
40%
home
40%
long
40%
out
40%
Please,
40%
said)
40%
Said
40%
sorrow?
40%
tell
40%
than
40%
that's
40%
tomorrow?
40%
world
40%
ain't
30%
are
30%
around
30%
away
30%
Bad
30%
borrow?
30%
bottle
30%
bottle)
30%
buddy
30%
coming
30%
falling
30%
gave
30%
gold
30%
gonna
30%
have
30%
I've
30%
keep
30%
myself
30%
old
30%
road
30%
somebody
30%
something,
30%
there
30%
walking
30%
Well,
30%
working
30%
working,
30%
bone
20%
Boss
20%
boss
20%
dime
20%
door
20%
glitters
20%
got
20%
hope
20%
inside
20%
job
20%
last
20%
looking
20%
may
20%
(Maybe
20%
Maybe
20%
Mister
20%
needing
20%
Now
20%
pass
20%
paycheck
20%
reap
20%
sent
20%
solid
20%
sorry,
20%
sunshine
20%
trouble,
20%
Whiskey
20%
Wine
20%
Because
10%
carry
10%
child
10%
crumbling
10%
done
10%
God
10%
'head,
10%
his
10%
I'll
10%
mama
10%
own
10%
paid
10%
plans
10%
sowed
10%
spent
10%
troublesome
10%
warmer
10%
blessed
0%
buddies,
0%
buddies
0%
Grandpa's
0%
grave
0%
load
0%
names
0%
stone
0%
swear
0%
written
0%

Score Distribution

Percentile by Number Answered

Percent of People with Each Score

Your Score History

You have not taken this quiz